Most Republican States in the 2024 Presidential Election - Statistics

General Stats
  • This quiz has been taken 294 times
  • The average score is 9 of 10
Answer Stats
% State % Correct
64.6 Alabama
90%
66.2 Oklahoma
90%
67.2 North Dakota
89%
63.4 South Dakota
88%
71.6 Wyoming
86%
66.9 Idaho
85%
64.5 Kentucky
83%
64.2 Arkansas
82%
64.1 Tennessee
81%
70.0 West Virginia
79%
No matching quizzes found
Score Distribution
Percent of People with Each Score
Percentile by Number Answered
Your Score History
You have not taken this quiz